000 00474nam a22001817a 4500
003 OSt
005 20250212152244.0
008 250128b |||||||| |||| 00| 0 eng d
020 _a9789387085862
082 _a610.720
_bD53F
100 _aDhikav, Vikas
245 _aFundamentals of Biomedical Research
_cby Vikas Dhikav
250 _a1st ed.
260 _aNew Delhi
_bCBS Publishers
_c2018
300 _a222p.
_bPB
500 _aBiomedical Research
942 _2ddc
_cBK
999 _c28158
_d28158